Application of the RICS Valuation - Professional Standards in Poland (Record no. 115900)
[ view plain ]
| 000 -LEADER | |
|---|---|
| fixed length control field | 01348cad a22002895a 4500 |
| 001 - CONTROL NUMBER | |
| control field | L159439 |
| 008 - FIXED-LENGTH DATA ELEMENTS--GENERAL INFORMATION | |
| fixed length control field | 131031s2016 xxk f f 001 0 eng d |
| 020 ## - INTERNATIONAL STANDARD BOOK NUMBER | |
| International Standard Book Number | 9781783211296 |
| 035 ## - SYSTEM CONTROL NUMBER | |
| System control number | (Sirsi) u159439 |
| 041 0# - LANGUAGE CODE | |
| Language code of text/sound track or separate title | eng |
| 041 0# - LANGUAGE CODE | |
| Language code of text/sound track or separate title | pol |
| 050 04 - LIBRARY OF CONGRESS CALL NUMBER | |
| Classification number | 333.332 $2 18 |
| 110 2# - MAIN ENTRY--CORPORATE NAME | |
| Corporate name or jurisdiction name as entry element | Royal Institution of Chartered Surveyors |
| 9 (RLIN) | 4900 |
| 240 00 - UNIFORM TITLE | |
| Uniform title | Red Book |
| 245 00 - TITLE STATEMENT | |
| Title | Application of the RICS Valuation - Professional Standards in Poland |
| Medium | [electronic resource] |
| 260 ## - PUBLICATION, DISTRIBUTION, ETC. | |
| Place of publication, distribution, etc. | London |
| Name of publisher, distributor, etc. | RICS |
| Date of publication, distribution, etc. | 2016 |
| 300 ## - PHYSICAL DESCRIPTION | |
| Extent | 13 p. |
| 490 #0 - SERIES STATEMENT | |
| Series statement | RICS Guidance Note |
| 490 #0 - SERIES STATEMENT | |
| Series statement | RICS Valuation Standards |
| 520 ## - SUMMARY, ETC. | |
| Summary, etc. | Provides assistance on the application of the RICS Valuation ? Professional Standards January 2014 (the ?Red Book?) to valuations that have to be provided in compliance with Polish law. Effective from June 2016. |
| 650 24 - SUBJECT ADDED ENTRY--TOPICAL TERM | |
| Topical term or geographic name entry element | RICS VALUATION STANDARDS |
| 651 #4 - SUBJECT ADDED ENTRY--GEOGRAPHIC NAME | |
| Geographic name | Poland |
| 690 ## - LOCAL SUBJECT ADDED ENTRY--TOPICAL TERM (OCLC, RLIN) | |
| Topical term or geographic name as entry element | Valuation |
| 9 (RLIN) | 6273 |
| 856 40 - ELECTRONIC LOCATION AND ACCESS | |
| Uniform Resource Identifier | <a href="https://www.isurv.com/downloads/file/6877/application_of_the_rics_valuation_-_professional_standards_in_poland_1st_edition_polish">https://www.isurv.com/downloads/file/6877/application_of_the_rics_valuation_-_professional_standards_in_poland_1st_edition_polish</a> |
| Public note | Polish edition archived on iSurv (subscription required) |
| 856 40 - ELECTRONIC LOCATION AND ACCESS | |
| Uniform Resource Identifier | <a href="https://www.isurv.com/downloads/file/6850/application_of_the_rics_valuation_-_professional_standards_in_poland_1st_edition_english">https://www.isurv.com/downloads/file/6850/application_of_the_rics_valuation_-_professional_standards_in_poland_1st_edition_english</a> |
| Public note | English edition archived on iSurv (subscription required) |
| 942 ## - ADDED ENTRY ELEMENTS (KOHA) | |
| Suppress in OPAC | 0 |
| Source of classification or shelving scheme | Dewey Decimal Classification |
| Withdrawn status | Lost status | Source of classification or shelving scheme | Damaged status | Not for loan | Home library | Current library | Shelving location | Date acquired | Total Checkouts | Full call number | Date last seen | Copy number | Price effective from | Koha item type |
|---|---|---|---|---|---|---|---|---|---|---|---|---|---|---|
| Dewey Decimal Classification | Virtual | Virtual | Online | 18/07/2017 | iSurv | 13/04/2023 | 1 | 06/08/2019 | Book |